| 000 | 00371nam a22001337a 4500 | ||
|---|---|---|---|
| 003 | OSt | ||
| 005 | 20250210094002.0 | ||
| 008 | 250210b |||||||| |||| 00| 0 eng d | ||
| 040 | _c | ||
| 082 | _a133.50954/TAL | ||
| 245 |
_aKrishnamurthi Siddhant _cJyotindra Husbe _hMarati |
||
| 260 | _c2013 | ||
| 942 |
_2ddc _cBK _h133.50954 _iJYO _k133.50954 _mJYO _n0 |
||
| 999 |
_c36115 _d36115 |
||